Statistics for Countries Closest to Slovakia - 30 Second Sprint

Click here to take the quiz!

General Stats

  • This quiz has been taken 61 times
  • The average score is 11 of 20

Answer Stats

kmcountrymiles% Correct
0Hungary0
96%
0Poland0
93%
0Czechia0
91%
0Austria0
89%
0Ukraine0
87%
224Germany139
85%
142Slovenia88
67%
168Croatia104
65%
71Romania44
63%
189Serbia118
63%
539Russia335
61%
267Belarus166
50%
304Italy189
39%
282Bosnia and
Herzegovina
175
35%
321Moldova200
24%
517Lithuania321
22%
468Montenegro291
20%
502Switzerland312
20%
527Kosovo328
17%
497Bulgaria309
15%

Score Distribution

Percentile by Number Answered

Percent of People with Each Score

Your Score History

You have not taken this quiz